| 000 | 00628nam a2200193 i 4500 | ||
|---|---|---|---|
| 001 | 131476 | ||
| 003 | ES-MaACL | ||
| 005 | 20250809035222.0 | ||
| 007 | t| | ||
| 008 | 070214m19731979sp r ||||1| spa d | ||
| 100 | 1 |
_aRodríguez Devesa, José María. _998493 |
|
| 245 | 1 | 0 |
_aDerecho penal español / _cJosé María Rodríguez Devesa. |
| 260 |
_aMadrid : _b[s. n.], _c1973-1979 ( _fGráf. Carasa) |
||
| 300 |
_a2 v. ; _c24 cm. |
||
| 505 | 8 | _aContiene: t. I: Parte general ---- t. II: Parte especial | |
| 650 | 0 | 4 |
_aDerecho penal- _zEspaña _911752 |
| 852 |
_aES-MaACL _jL-80-1 _bR.100718 |
||
| 999 |
_c131476 _d131476 |
||